|
|
|
|
| LEADER |
00000nab a2200000 a 4500 |
| 001 |
vtls000622653 |
| 003 |
SK-MaSNL |
| 005 |
20260303233720.0 |
| 008 |
160314c1997 xo 0 hun |
| 015 |
|
|
|a SNBRB19rr/mm-uuuuu
|
| 035 |
|
|
|a CL0622792
|
| 040 |
|
|
|a SNKBUCL
|b slo
|c SNKBUCL
|e AACR2
|
| 041 |
0 |
|
|a slo
|
| 044 |
|
|
|a xo
|c SK
|
| 080 |
|
|
|a 894.511 (437.6)-1(087.5)=945.11
|2 1981
|
| 100 |
1 |
|
|a Csepécz, Szilvia M.,
|d 1965-2011
|4 aut
|9 49646
|
| 245 |
1 |
3 |
|a Az ajtón túl [és mások]
|c Szilvia M. Csepécz
|
| 300 |
|
|
|b Obr. 1
|
| 500 |
|
|
|a Ďalšie básne: Kiolvasó. Panelvers. Tintavers
|
| 650 |
0 |
7 |
|a naratívne básne
|2 snkbucl
|9 56217
|
| 773 |
0 |
|
|t Tücsök
|g Roč. 7, č. 8 (1996/1997), s. 9
|
| 850 |
|
|
|a Slovenská národná knižnica v Martine
|a DSG001
|
| 852 |
|
|
|a SNK
|b KIS3GCP
|
| 958 |
|
|
|a HU
|
| 958 |
|
|
|a LX
|
| 958 |
|
|
|a SK
|
| 958 |
|
|
|a RK
|
| 958 |
|
|
|a RBX
|
| 999 |
|
|
|c 2516646
|d 2518576
|